|
|
|
|
| LEADER |
00825cam a2200229 7i4500 |
| 001 |
0000004109 |
| 005 |
20210126090000.0 |
| 008 |
100608 eng |
| 020 |
|
|
|a 0470843934 (hbk.)
|
| 020 |
|
|
|a 9780470843932
|
| 090 |
0 |
0 |
|a QH430
|b .B54 2003
|
| 245 |
0 |
0 |
|a Bioinformatics for geneticists
|c edited by Michael R. Barnes and Ian C. Gray.
|
| 260 |
|
|
|a Chichestera:
|b Wiley,
|c 2003.
|
| 300 |
|
|
|a xiv, 408 p.:
|b col. ill.;
|c 24 cm.
|
| 504 |
|
|
|a Includes bibliographical references and index
|
| 650 |
0 |
0 |
|a Bioinformatics
|
| 650 |
0 |
0 |
|a Genetics --
|x Data processing
|
| 700 |
1 |
|
|a Barnes, Michael
|
| 700 |
1 |
|
|a Gray, Ian C.
|
| 997 |
|
|
|a Engineering & Life Sciences, Faculty
|b Science & Biotechnology, Department
|
| 998 |
|
|
|a Bioinformatics, Degree
|
| 999 |
|
|
|a 0000005281
|b BOK
|c OPEN SHELF
|e 2nd Floor, Bestari Jaya
|